000 01439nam a2200241Ia 4500
999 _c51512
_d51512
003 Ge_BSU
005 20211209122433.0
008 181216s2016ge xx |||||||||||||| ||geo||
020 _a 9789941242762
041 _ageo
080 _a174+316.6 გ- 48
100 _aგიგაური, რამაზ.
_913233
245 _aწარმატების 365 გასაღები :
_b წიგნი, რომელიც თქვენს ცხოვრებას უკეთესობისკენ შეცვლის /
_cრამაზ გიგაური (ლაქშმი რავი რამანანდა) ; რედ.თეა ბარამაშვილი; დიზ. ეთერ გზირიშვილი.
264 _aთბილისი :
_bპალიტრაL,
_c2016.
300 _a 448 გვ. ;
_c 23 სმ.
440 _a ლურჯი ოკეანე - წარმატების ბიბლიოთეკა ქართული ბესტსელერი
_913234
653 _a წარმატება
653 _aპროფესიული ეთიკა
653 _aსოციოლური ფსიქოლოგია
700 _aბარამაშვილი, თეა
_eრედაქტორი
_913235
700 _aგზირიშვილი, ეთო
_eდიზაინერი
_911677
942 _cBK
_2udc